000 00281nam a22001337a 4500
008 180910b xxu||||| |||| 00| 0 eng d
020 _a9781305301481
041 _aeng
080 _a510
100 _a38
101 _aMAT
245 _aPrecalculus
_cThomas.W.H
942 _2udc
_cBK
999 _c47632
_d47632